书目信息 |
| 题名: |
美学与实践
|
|
| 作者: | 朱立元 著 | |
| 分册: | ||
| 出版信息: | 桂林 广西师范大学出版社 1999.10 |
|
| 页数: | 398页 | |
| 开本: | 32开 | |
| 丛书名: | ||
| 单 册: | ||
| 中图分类: | B83-06 | |
| 科图分类: | ||
| 主题词: | 美学 | |
| 电子资源: | ||
| ISBN: | 7-5633-2929-3 | |
| 000 | 00530nam0 2200193 45 | |
| 001 | 0106071657 | |
| 005 | 20010607163746.2 | |
| 010 | @a7-5633-2929-3@d15.30元 | |
| 100 | @a20010607d1999 km y0chiy0120 ea | |
| 101 | 0 | @achi |
| 105 | @a z 000yy | |
| 200 | 1 | @a美学与实践@AMei Xue Yu Shi Jian@f朱立元著@FZhu Li Yuan Zhu |
| 210 | @a桂林@c广西师范大学出版社@d1999.10 | |
| 215 | @a398页@d32开 | |
| 606 | 0 | @a美学 |
| 690 | @aB83-06@v3 | |
| 701 | 0 | @a朱立元@4著 |
| 801 | @aCN@bPftUser@c20010607 | |
| 905 | @f5@b345976-980@dB83-06@eZH917 | |
| 美学与实践/朱立元著.-桂林:广西师范大学出版社,1999.10 |
| 398页;32开 |
| ISBN 7-5633-2929-3:15.30元 |
| ● |
| 相关链接 |
|
|
|
正题名:美学与实践
索取号:B83-06/ZH917
 
预约/预借
| 序号 | 登录号 | 条形码 | 馆藏地/架位号 | 状态 | 备注 |
| 1 | 345976 | 203459765 | 社科库509/509社科库 33排1列6层/ [索取号:B83-06/ZH917] | 在馆 | |
| 2 | 345977 | 203459774 | 社科库509/509社科库 33排1列6层/ [索取号:B83-06/ZH917] | 在馆 | |
| 3 | 345978 | 203459783 | 社科库509/509社科库 33排1列6层/ [索取号:B83-06/ZH917] | 在馆 | |
| 4 | 345979 | 203459792 | 社科库509/509社科库 33排1列6层/ [索取号:B83-06/ZH917] | 在馆 | |
| 5 | 345980 | 203459809 | 社科库509/509社科库 33排1列6层/ [索取号:B83-06/ZH917] | 在馆 |